[Event "4NCL Division 4 South"]
[Site "Daventry, ENG"]
[Date "2019.04.13"]
[Round "7.124"]
[White "Davis, Holden"]
[Black "Carter, Rebecca"]
[Result "1-0"]
[WhiteElo "1763"]
[BlackElo "1610"]
[PlyCount "87"]
[EventDate "2019.04.13"]
[WhiteTeam "Cambridge University 3"]
[BlackTeam "Barnet Knights 2"]

1. e4 e5 2. Nf3 Nf6 3. Nxe5 d6 4. Nf3 Nxe4 5. Nc3 Nxc3 6. dxc3 Be7 7. Be3 Nc6
8. h3 Be6 9. Bd3 Bf6 10. Qd2 Qd7 11. a3 O-O-O 12. O-O-O Kb8 13. Kb1 a6 14. Ng5
Bxg5 15. Bxg5 Rde8 16. Rhe1 Ne5 17. Bf1 Bc4 18. Rxe5 Rxe5 19. Bxc4 Qf5 20. Be3
f6 21. Qd4 b6 22. Bxa6 Ra5 23. Bd3 Qd5 24. Qg4 Qh5 25. Re1 Qxg4 26. hxg4 Kc8
27. Bf5+ Kd8 28. Bd4 h5 29. Rh1 Ke7 30. Ka2 c5 31. Be3 b5 32. Kb3 Ra4 33. gxh5
c4+ 34. Ka2 Raa8 35. g4 d5 36. Bc5+ Kd8 37. Bb6+ Ke7 38. Re1+ Kd6 39. Re6+ Kd7
40. Rxf6+ Ke7 41. Re6+ Kf7 42. Rd6 Ra6 43. Rd7+ Kf6 44. Bd4+ 1-0

[Event "4NCL Division 4 South"]
[Site "Daventry, ENG"]
[Date "2019.04.13"]
[Round "7.125"]
[White "Angelopoulos, Andreas"]
[Black "O'shea, Colm"]
[Result "1-0"]
[WhiteElo "1562"]
[BlackElo "1717"]
[PlyCount "75"]
[EventDate "2019.04.13"]
[WhiteTeam "Barnet Knights 2"]
[BlackTeam "Cambridge University 3"]

1. d4 d5 2. c4 e5 3. dxe5 d4 4. Nf3 Nc6 5. Nbd2 Qe7 6. Nb3 Bg4 7. Nbxd4 Rd8 8.
e3 Nxe5 9. Qa4+ Bd7 10. Qxa7 Nxf3+ 11. Nxf3 Qb4+ 12. Bd2 Qxb2 13. Rd1 Ba4 14.
Qxa4+ c6 15. Be2 Nf6 16. Qb3 Qxb3 17. axb3 Bc5 18. O-O O-O 19. Ba5 Ra8 20. Ra1
b6 21. Bc3 Ne4 22. Be5 f6 23. Bb2 Rxa1 24. Rxa1 Rd8 25. Nd4 Kf7 26. Bf3 Bxd4
27. exd4 Nd2 28. Bxc6 Nxb3 29. Bd5+ Kg6 30. Re1 b5 31. Be4+ f5 32. Bd5 bxc4 33.
Re6+ Kg5 34. Bxc4 Nxd4 35. Bc1+ Kh5 36. Re3 Nc2 37. Bf7+ Kh4 38. Rh3+ 1-0

[Event "4NCL Division 4 South"]
[Site "Daventry, ENG"]
[Date "2019.04.13"]
[Round "7.126"]
[White "Breed, Greg J"]
[Black "Angelopoulos, Nicos"]
[Result "1-0"]
[WhiteElo "1764"]
[BlackElo "1607"]
[PlyCount "139"]
[EventDate "2019.04.13"]
[WhiteTeam "Cambridge University 3"]
[BlackTeam "Barnet Knights 2"]

1. d4 c6 2. c4 d5 3. cxd5 cxd5 4. Nc3 Bf5 5. Qb3 Nc6 6. Nf3 e6 7. a3 Rb8 8. Bf4
Bd6 9. Bxd6 Qxd6 10. e3 Nf6 11. Be2 h6 12. O-O O-O 13. Rac1 Rfc8 14. Qa4 a6 15.
b4 Nd7 16. Qb3 b5 17. Nb1 Nb6 18. Nbd2 Nc4 19. Bd3 Bxd3 20. Qxd3 a5 21. bxa5
N6xa5 22. Ra1 Nb2 23. Qb1 Nac4 24. Nb3 Na4 25. Rc1 Nxa3 26. Qa2 b4 27. Ne5 Nc3
28. Qb2 Nc4 29. Nxc4 dxc4 30. Nc5 e5 31. Na6 Rb6 32. dxe5 Qxe5 33. Nxb4 Ne2+
34. Qxe2 Rxb4 35. Ra3 c3 36. Qd3 c2 37. Ra2 Rbc4 38. g3 Qc7 39. Kf1 Rd8 40. Qa3
Rd1+ 41. Ke2 Rc3 42. Qa8+ Kh7 43. Qe4+ g6 44. Rcxc2 Rxc2+ 45. Rxc2 Qd7 46. h4
h5 47. Rb2 Rg1 48. Qd4 Qg4+ 49. Qxg4 hxg4 50. e4 f5 51. Rb7+ Kh6 52. e5 Ra1 53.
Rb3 g5 54. hxg5+ Kxg5 55. Re3 Ra7 56. f4+ Kg6 57. Rc3 Ra4 58. Rc6+ Kg7 59. Rf6
Ra2+ 60. Ke3 Ra3+ 61. Kd4 Rxg3 62. Rxf5 Rg1 63. Rg5+ Kf7 64. Ke4 Ke7 65. Kf5 g3
66. e6 Re1 67. Rxg3 Kd6 68. Rg7 Re2 69. Rd7+ Kc6 70. Rd4 1-0

[Event "4NCL Division 4 South"]
[Site "Daventry, ENG"]
[Date "2019.04.13"]
[Round "7.131"]
[White "Clarke, Neil"]
[Black "Cook, Brian"]
[Result "0-1"]
[WhiteElo "1907"]
[BlackElo "1598"]
[PlyCount "52"]
[EventDate "2019.04.13"]
[WhiteTeam "Shropshire 3"]
[BlackTeam "Check Innmates 3"]

1. Nf3 e6 2. g3 b6 3. Bg2 Bb7 4. O-O f5 5. d3 Nf6 6. c4 Be7 7. a3 a5 8. b3 O-O
9. Bb2 Nc6 10. Nbd2 Qe8 11. e4 f4 12. e5 Ng4 13. h3 Nh6 14. g4 Qg6 15. Ne4 Nf7
16. Nfd2 Nfxe5 17. d4 Nd3 18. Bc3 f3 19. Bxf3 Nf4 20. Bg2 Nxg2 21. Kxg2 Nxd4
22. Bxd4 Bxe4+ 23. Nxe4 Qxe4+ 24. f3 Qf4 25. Bg1 Bd6 26. Qe1 a4 0-1

[Event "4NCL Division 4 South"]
[Site "Daventry, ENG"]
[Date "2019.04.13"]
[Round "7.132"]
[White "Ashraf, Zoha"]
[Black "Clark, Matthew D H"]
[Result "0-1"]
[WhiteElo "1570"]
[BlackElo "1885"]
[PlyCount "84"]
[EventDate "2019.04.13"]
[WhiteTeam "Check Innmates 3"]
[BlackTeam "Shropshire 3"]

1. e4 e5 2. Bc4 Nf6 3. Nc3 Nc6 4. d3 Na5 5. Bb3 Nxb3 6. axb3 Bb4 7. Nf3 d6 8.
O-O O-O 9. Bg5 Bxc3 10. bxc3 h6 11. Bh4 Bg4 12. Re1 g5 13. Bg3 Nh5 14. h3 Bxf3
15. Qxf3 Nxg3 16. Qxg3 Qf6 17. Rad1 Qf4 18. Qxf4 gxf4 19. g3 fxg3 20. fxg3 f5
21. Kg2 a5 22. d4 Rae8 23. b4 exd4 24. Rxd4 Re5 25. h4 Rfe8 26. Kf3 a4 27. b5
Rxe4 28. Rdxe4 Rxe4 29. Ra1 Kf7 30. Ra2 Rc4 31. Ra3 h5 32. Ke3 d5 33. Kd3 Ke6
34. Ke3 Kd6 35. Kd3 Kc5 36. Ke3 Kxb5 37. Kd3 Kc5 38. Ke3 b5 39. Kd3 Rg4 40. Ke3
Rxg3+ 41. Kd2 Rg4 42. Kd3 Rxh4 0-1

[Event "4NCL Division 4 South"]
[Site "Daventry, ENG"]
[Date "2019.04.13"]
[Round "7.133"]
[White "Bowcott, Dustin"]
[Black "Arora, Tashika"]
[Result "1-0"]
[WhiteElo "1892"]
[BlackElo "1437"]
[PlyCount "109"]
[EventDate "2019.04.13"]
[WhiteTeam "Shropshire 3"]
[BlackTeam "Check Innmates 3"]

1. d4 Nf6 2. Bf4 g6 3. Nc3 Bg7 4. e4 d6 5. Qd2 O-O 6. O-O-O Nc6 7. f3 a6 8. Bh6
b5 9. g4 b4 10. Nce2 a5 11. h4 Ba6 12. Bxg7 Kxg7 13. h5 Rb8 14. hxg6 fxg6 15.
Qh6+ Kg8 16. e5 Rf7 17. exf6 exf6 18. Nh3 Qe7 19. Qd2 a4 20. Nef4 Bxf1 21.
Rhxf1 Qd7 22. Qe2 d5 23. Qe6 Qxe6 24. Nxe6 b3 25. a3 bxc2 26. Kxc2 Re8 27. Nef4
Rd7 28. Kc3 Kf7 29. Rfe1 Rd6 30. Rxe8 Kxe8 31. Nf2 Kf7 32. Re1 g5 33. N4d3 Rd8
34. Nc5 Ra8 35. Nfd3 h6 36. Re2 Ra7 37. Nb4 Nxb4 38. Kxb4 c6 39. Nxa4 Rb7+ 40.
Kc3 Ra7 41. Nc5 Rc7 42. a4 Ra7 43. Re6 Rc7 44. a5 Rc8 45. b4 Rc7 46. a6 Rc8 47.
Rd6 Ke7 48. Rd7+ Ke8 49. Rh7 Rd8 50. Rh8+ Ke7 51. Rxd8 Kxd8 52. a7 Kc7 53. a8=Q
h5 54. Qb7+ Kd6 55. Qd7# 1-0

[Event "4NCL Division 4 South"]
[Site "Daventry, ENG"]
[Date "2019.04.13"]
[Round "7.134"]
[White "Thooran, Kavin"]
[Black "Taylor, Alex B"]
[Result "0-1"]
[WhiteElo "1442"]
[BlackElo "1870"]
[PlyCount "142"]
[EventDate "2019.04.13"]
[WhiteTeam "Check Innmates 3"]
[BlackTeam "Shropshire 3"]

1. e4 c5 2. Nc3 d6 3. f4 Nc6 4. Bb5 Bd7 5. Nf3 g6 6. O-O Bg7 7. a3 e6 8. d3
Nge7 9. Be3 a6 10. Bc4 O-O 11. d4 b5 12. Ba2 cxd4 13. Nxd4 Qc7 14. Nxc6 Nxc6
15. Bd2 Na5 16. Qg4 Nc4 17. Bc1 Nxb2 18. Bxb2 Bxc3 19. Bxc3 Qxc3 20. f5 Qd4+
21. Kh1 exf5 22. Qf3 Qxe4 23. Qf2 Rac8 24. Rac1 Rfe8 25. Bb3 Be6 26. Bxe6 Rxe6
27. Qa7 Qc6 28. Qf2 Rce8 29. Rfe1 Qc5 30. Qxc5 Rxe1+ 31. Rxe1 Rxe1+ 32. Qg1
Rxg1+ 33. Kxg1 Kf8 34. Kf2 Ke7 35. Ke3 Ke6 36. Kd4 g5 37. g3 h5 38. h3 f6 39.
c3 f4 40. gxf4 gxf4 41. Ke4 f3 42. Kxf3 Kd5 43. Kf4 Kc4 44. Kf5 Kxc3 45. Kxf6
d5 46. Kg5 d4 47. Kxh5 d3 48. Kg6 d2 49. h4 d1=Q 50. h5 Qxh5+ 51. Kxh5 Kb3 52.
Kg4 Kxa3 53. Kf3 b4 54. Ke3 b3 55. Kd2 Ka2 56. Kc1 b2+ 57. Kc2 a5 58. Kc3 a4
59. Kc4 a3 60. Kc3 b1=R 61. Kc4 Rb8 62. Kc3 Kb1 63. Kd4 a2 64. Kd5 a1=R 65. Ke5
Rb4 66. Kd5 Ra5+ 67. Kc6 Rh4 68. Kb6 Rg5 69. Kc6 Rh6+ 70. Kd7 Rg7+ 71. Ke8 Rh8#
0-1

[Event "4NCL Division 4 South"]
[Site "Daventry, ENG"]
[Date "2019.04.13"]
[Round "7.135"]
[White "Ross, Stuart"]
[Black "Sikaria, Om"]
[Result "1-0"]
[WhiteElo "1727"]
[BlackElo "1217"]
[PlyCount "97"]
[EventDate "2019.04.13"]
[WhiteTeam "Shropshire 3"]
[BlackTeam "Check Innmates 3"]

1. e4 c5 2. Nf3 d6 3. d4 cxd4 4. Nxd4 Nf6 5. Nc3 a6 6. Bg5 e6 7. f4 Be7 8. Qf3
Qc7 9. O-O-O Nc6 10. Nxc6 bxc6 11. Bc4 Bb7 12. Bb3 O-O 13. Rhe1 h6 14. Bh4 c5
15. Qe2 Rad8 16. Bg3 Qc6 17. Ba4 Qb6 18. f5 e5 19. Bb3 Bc6 20. Bf2 Qb7 21. g4
d5 22. exd5 Nxd5 23. Nxd5 Bxd5 24. Bxd5 Rxd5 25. Rxd5 Qxd5 26. Qxe5 Qxe5 27.
Rxe5 Bd6 28. Rd5 Bxh2 29. Bxc5 Rb8 30. c4 Kh7 31. Bd6 Bxd6 32. Rxd6 g6 33.
fxg6+ fxg6 34. Kc2 h5 35. gxh5 gxh5 36. c5 Rc8 37. b4 Kg7 38. Rxa6 h4 39. Re6
h3 40. Re2 Rh8 41. Rh2 Kg6 42. c6 Kg5 43. b5 Kg4 44. c7 Kg3 45. Rxh3+ Kxh3 46.
b6 Kg4 47. b7 Kf5 48. c8=Q+ Rxc8+ 49. bxc8=Q+ 1-0

[Event "4NCL Division 4 South"]
[Site "Daventry, ENG"]
[Date "2019.04.13"]
[Round "7.136"]
[White "Palav, Mayank"]
[Black "Jones, Andrew"]
[Result "0-1"]
[WhiteElo "1090"]
[BlackElo "1510"]
[PlyCount "108"]
[EventDate "2019.04.13"]
[WhiteTeam "Check Innmates 3"]
[BlackTeam "Shropshire 3"]

1. e4 c5 2. Nf3 Nc6 3. Nc3 d6 4. Bc4 Nf6 5. d3 Bg4 6. h3 Bh5 7. Be3 e6 8. O-O
Be7 9. Re1 O-O 10. a3 a6 11. g4 Nxg4 12. hxg4 Bxg4 13. Rb1 Ne5 14. Qc1 Nxf3+
15. Kh1 Nxe1 16. Qxe1 Bg5 17. Kg2 Bxe3 18. Qxe3 b5 19. Ba2 Re8 20. Qg3 Bh5 21.
Rh1 Bg6 22. f4 Rc8 23. Qf3 h6 24. Qe2 b4 25. axb4 cxb4 26. Nd1 d5 27. Nf2 dxe4
28. dxe4 Qf6 29. Nd3 Qd4 30. Re1 Rc7 31. Bb3 a5 32. Qe3 Qxe3 33. Rxe3 Bh5 34.
Nf2 Rd8 35. c3 Rd2 36. cxb4 axb4 37. Kg3 Rxb2 38. Nd1 Bxd1 39. Bxd1 Rc3 40.
Rxc3 bxc3 41. Kf3 c2 42. Bxc2 Rxc2 43. Kg3 g6 44. Kh4 f5 45. exf5 exf5 46. Kg3
g5 47. fxg5 hxg5 48. Kf3 Rc3+ 49. Kf2 g4 50. Kg2 f4 51. Kf2 Rc2+ 52. Kf1 g3 53.
Kg1 f3 54. Kf1 Rc1# 0-1

[Event "4NCL Division 4 South"]
[Site "Daventry, ENG"]
[Date "2019.04.13"]
[Round "7.141"]
[White "Lightfoot, Malcolm J"]
[Black "Bellers, Chris J"]
[Result "0-1"]
[WhiteElo "1828"]
[BlackElo "1929"]
[PlyCount "52"]
[EventDate "2019.04.13"]
[WhiteTeam "Iceni 3"]
[BlackTeam "Wessex C"]

1. e4 g6 2. d4 Bg7 3. c4 Nc6 4. Be3 e5 5. d5 Nd4 6. Ne2 c5 7. dxc6 dxc6 8. Nxd4
exd4 9. Bf4 Qa5+ 10. Qd2 Qxd2+ 11. Nxd2 Ne7 12. c5 O-O 13. Bc4 h6 14. O-O b5
15. cxb6 axb6 16. a4 Ba6 17. Bc7 Bxc4 18. Nxc4 b5 19. axb5 cxb5 20. Nd6 b4 21.
Rfc1 Nc6 22. f4 d3 23. Nc4 Nd4 24. Kf1 Rxa1 25. Rxa1 Rc8 26. Ra7 Nb5 0-1

[Event "4NCL Division 4 South"]
[Site "Daventry, ENG"]
[Date "2019.04.13"]
[Round "7.142"]
[White "Lovell, William Pm"]
[Black "Jones, Robert L"]
[Result "1-0"]
[WhiteElo "1900"]
[BlackElo "1783"]
[PlyCount "89"]
[EventDate "2019.04.13"]
[WhiteTeam "Wessex C"]
[BlackTeam "Iceni 3"]

1. c4 b6 2. Nc3 Bb7 3. e4 e6 4. g3 Nf6 5. Bg2 Bb4 6. Nge2 O-O 7. O-O e5 8. d3
Nc6 9. Nd5 Nxd5 10. exd5 Ne7 11. d4 exd4 12. Nxd4 Ng6 13. Nf5 a5 14. Qd4 f6 15.
Qg4 Rf7 16. h4 Kh8 17. Be3 Ne5 $11 18. Qe2 Bf8 19. h5 d6 20. Nd4 Rb8 21. Ne6
Qe7 22. f4 Nd7 23. Nxc7 Nc5 24. Nb5 Bc8 25. Nd4 Qe8 26. f5 Ba6 27. Ne6 Re7 28.
Rfe1 b5 29. b3 bxc4 30. bxc4 Nxe6 31. dxe6 Rc7 32. Bd5 Rbc8 33. Bb6 Rxc4 34.
Bxc4 Bxc4 35. Qf3 Be7 36. a3 d5 37. Bxa5 Qb5 38. Bd2 Bd3 39. a4 Bc5+ 40. Kh2
Qc4 41. Rac1 Bc2 42. Qc3 Qxa4 43. Rxc2 Bg1+ 44. Kxg1 Rxc3 45. Rxc3 1-0

[Event "4NCL Division 4 South"]
[Site "Daventry, ENG"]
[Date "2019.04.13"]
[Round "7.143"]
[White "Carter, Dominic A"]
[Black "Gregory, Keith D F"]
[Result "1/2-1/2"]
[WhiteElo "1617"]
[BlackElo "1947"]
[PlyCount "78"]
[EventDate "2019.04.13"]
[WhiteTeam "Iceni 3"]
[BlackTeam "Wessex C"]

1. d4 d6 2. e4 Nf6 3. Nc3 Nbd7 4. Nf3 e5 5. Bc4 h6 6. a3 c6 7. dxe5 dxe5 8. Bd2
Be7 9. Qe2 Qc7 10. h3 b5 11. Ba2 Nc5 12. O-O O-O 13. Ne1 Ne6 14. Be3 a5 15. Qf3
Ng5 16. Bxg5 hxg5 17. Nd3 Rb8 18. b4 Nd7 19. Ne2 g6 20. Rac1 axb4 21. axb4 Ra8
22. Bb3 Kg7 23. Ra1 Rb8 24. Qe3 c5 25. bxc5 Nxc5 26. Nxc5 Qxc5 27. Qxc5 Bxc5
28. g4 f5 29. gxf5 gxf5 30. exf5 Bxf5 31. Kg2 Be4+ 32. f3 Bc6 33. Ng3 Rbd8 34.
Ne4 Bxe4 35. fxe4 Rd2+ 36. Kg3 Bf2+ 37. Kg4 Rf4+ 38. Kxg5 Rd6 39. Rxf2 Rg6+
1/2-1/2

[Event "4NCL Division 4 South"]
[Site "Daventry, ENG"]
[Date "2019.04.13"]
[Round "7.144"]
[White "Adaway, William"]
[Black "Collicott, Peter J"]
[Result "1-0"]
[WhiteElo "1863"]
[BlackElo "1633"]
[PlyCount "95"]
[EventDate "2019.04.13"]
[WhiteTeam "Wessex C"]
[BlackTeam "Iceni 3"]

1. e4 e6 2. d4 d5 3. exd5 exd5 4. Nf3 Nf6 5. Bd3 Bg4 6. h3 Bh5 7. O-O Be7 8.
Nbd2 Nc6 9. c3 Qd6 10. Qc2 Bg6 11. Re1 Nd7 12. Nf1 O-O-O 13. Ng3 Bxd3 14. Qxd3
g6 15. Ne2 Bf6 16. Bf4 Qf8 17. Qb5 Be7 18. a4 Ndb8 19. a5 a6 20. Qd3 Bd6 21. b4
Bxf4 22. Nxf4 Qd6 23. Qd2 Rhe8 24. Nd3 Nd7 25. Ng5 Re7 26. Rxe7 Qxe7 27. Re1
Qf6 28. Nxh7 Qh4 29. Ng5 Qh6 30. Qe3 Qg7 31. Qf4 Qf6 32. Qxf6 Nxf6 33. Nxf7 Rf8
34. Ng5 Na7 35. Ne5 Nb5 36. Re3 Ne4 37. Nxe4 dxe4 38. Nxg6 Rf6 39. Ne5 b6 40.
g4 Nd6 41. c4 Nb7 42. Rxe4 bxa5 43. bxa5 Nxa5 44. g5 Rf8 45. g6 Nb3 46. g7 Rg8
47. Rg4 a5 48. Nc6 1-0

[Event "4NCL Division 4 South"]
[Site "Daventry, ENG"]
[Date "2019.04.13"]
[Round "7.145"]
[White "Balakrishnan, Kathirvel"]
[Black "Krawczuk, Michael J"]
[Result "0-1"]
[WhiteElo "1585"]
[BlackElo "1846"]
[PlyCount "46"]
[EventDate "2019.04.13"]
[WhiteTeam "Iceni 3"]
[BlackTeam "Wessex C"]

1. d4 Nf6 2. e3 e6 3. Bd3 b6 4. Nd2 d5 5. c3 Bb7 6. Qc2 Nbd7 7. e4 dxe4 8. Nxe4
Be7 9. Nf3 O-O 10. Bg5 h6 11. Bh4 Rc8 12. Qe2 c5 13. O-O-O cxd4 14. Nxd4 Nxe4
15. Bxe7 Nxc3 16. bxc3 Qxe7 17. Kb2 Qc5 18. Rc1 Ne5 19. Ba6 Bxa6 20. Qxa6 Nc4+
21. Kc2 e5 22. Ne2 Qxf2 23. Rhe1 Rfd8 0-1

[Event "4NCL Division 4 South"]
[Site "Daventry, ENG"]
[Date "2019.04.13"]
[Round "7.146"]
[White "Coburn, Joseph A"]
[Black "Kent, Rowan"]
[Result "1-0"]
[WhiteElo "1776"]
[BlackElo "1405"]
[PlyCount "140"]
[EventDate "2019.04.13"]
[WhiteTeam "Wessex C"]
[BlackTeam "Iceni 3"]

1. d4 d5 2. c4 c6 3. e3 Nf6 4. Nf3 Bf5 5. Nc3 Nbd7 6. Be2 e6 7. Bd2 Bd6 8. h3
O-O 9. Nh4 Bg6 10. Nxg6 hxg6 11. cxd5 cxd5 12. O-O Qb6 13. Na4 Qd8 14. Qb3 Rb8
15. Bb4 Qe7 16. Bxd6 Qxd6 17. Rac1 Ne4 18. Rc2 Qe7 19. Rfc1 Nd6 20. Rc7 Rfd8
21. Qb4 Qf8 22. Bb5 Nxb5 23. Qxb5 Nf6 24. Rxb7 Rxb7 25. Qxb7 a5 26. Qc7 Qe8 27.
Qc6 Qe7 28. Qc5 Qe8 29. b3 Ra8 30. Nb6 Ra7 31. Nc8 Ra8 32. Nd6 Qd8 33. Qc7 Qf8
34. a4 Ne8 35. Nxe8 Qxe8 36. Rc6 Qb8 37. Qxb8+ Rxb8 38. Ra6 Rxb3 39. Rxa5 Ra3
40. Ra8+ Kh7 41. a5 Ra1+ 42. Kh2 Kh6 43. a6 Kg5 44. a7 Kf5 45. Kg3 Ke4 46. h4
f6 47. Re8 Rxa7 48. Rxe6+ Kf5 49. Re8 Rd7 50. Kf3 g5 51. hxg5 Kxg5 52. g4 g6
53. Kg3 f5 54. gxf5 Kxf5 55. Re5+ Kf6 56. f4 Kf7 57. Kf3 Kf6 58. Ke2 Kf7 59.
Kd3 Kf6 60. e4 Kf7 61. exd5 Re7 62. Ke4 Re8 63. Rxe8 Kxe8 64. Ke5 Ke7 65. d6+
Kf7 66. d7 Ke7 67. d8=Q+ Kxd8 68. Kf6 Ke8 69. Kxg6 Kf8 70. Kf6 Kg8 1-0

[Event "4NCL Division 4 South"]
[Site "Daventry, ENG"]
[Date "2019.04.13"]
[Round "7.151"]
[White "Carter, Gavin"]
[Black "Vig, Sanjay"]
[Result "0-1"]
[WhiteElo "1452"]
[BlackElo "1540"]
[PlyCount "106"]
[EventDate "2019.04.13"]
[WhiteTeam "Barnet Knights 3"]
[BlackTeam "Watford 2"]

1. c4 f5 2. Nc3 Nf6 3. d4 c6 4. Nf3 e6 5. e3 d5 6. a3 Ne4 7. Nd2 Nd7 8. f3 Qh4+
9. g3 Nxg3 10. hxg3 Qxh1 11. Qe2 h5 12. Qg2 Qxg2 13. Bxg2 h4 14. Nf1 Be7 15. e4
Nf6 16. Bg5 fxe4 17. cxd5 h3 18. Bh1 exf3 19. Nh2 Nxd5 20. Bxe7 Nxe7 21. Bxf3
Nf5 22. Ne2 Ne3 23. Kd2 Nc4+ 24. Kc3 Nb6 25. Re1 Bd7 26. Nf4 O-O-O 27. Ng6 Rh6
28. Ne5 Rf8 29. g4 Nd5+ 30. Kc4 g5 31. Kc5 Kc7 32. Be4 b6+ 33. Kc4 Kd6 34. Nef3
b5+ 35. Kb3 Rg8 36. Rc1 Nf6 37. Bd3 Be8 38. Rc5 Nd5 39. Ne5 Rf6 40. Rc2 Rgf8
41. Be4 Rf4 42. Ng6 Bxg6 43. Bxg6 Rxd4 44. Rc1 Rf2 45. Nf1 Rxg4 46. Rd1 Rg1 47.
Bd3 h2 48. Nxh2 Rxd1 49. Bc2 Rdd2 50. Ng4 Rf3+ 51. Ka2 Rxc2 52. Kb1 Rg2 53. Nf6
Nc3+ 0-1

[Event "4NCL Division 4 South"]
[Site "Daventry, ENG"]
[Date "2019.04.13"]
[Round "7.152"]
[White "Tathare, Sandesh"]
[Black "Karpe, Reya"]
[Result "1-0"]
[WhiteElo "1487"]
[BlackElo "1412"]
[PlyCount "59"]
[EventDate "2019.04.13"]
[WhiteTeam "Watford 2"]
[BlackTeam "Barnet Knights 3"]

1. e4 d5 2. exd5 Nf6 3. Nf3 Nxd5 4. c4 Nf6 5. d4 Bg4 6. Be2 e6 7. O-O Be7 8.
Nc3 O-O 9. Be3 Qd7 10. Ne5 Qd8 11. Nxg4 Nxg4 12. Bxg4 Bg5 13. Qf3 Nc6 14. Rad1
Qe7 15. a3 Rad8 16. Qg3 Na5 17. Be2 Bxe3 18. fxe3 Nb3 19. Bd3 c5 20. d5 exd5
21. Nxd5 Qe6 22. Nf6+ Kh8 23. Nxh7 Rfe8 24. Ng5 Qxe3+ 25. Qxe3 Rxe3 26. Nxf7+
Kg8 27. Nxd8 b6 28. Rfe1 Rxe1+ 29. Rxe1 Nd4 30. Re8# 1-0

[Event "4NCL Division 4 South"]
[Site "Daventry, ENG"]
[Date "2019.04.13"]
[Round "7.153"]
[White "Willmoth, Kate"]
[Black "Morrell, Sean"]
[Result "0-1"]
[WhiteElo "1412"]
[BlackElo "1487"]
[PlyCount "48"]
[EventDate "2019.04.13"]
[WhiteTeam "Barnet Knights 3"]
[BlackTeam "Watford 2"]

1. e4 e6 2. d3 d5 3. Nd2 Nf6 4. Ngf3 b6 5. g3 Bb7 6. Bg2 dxe4 7. dxe4 Nxe4 8.
O-O Nxd2 9. Qxd2 Qxd2 10. Bxd2 Nd7 11. Rfe1 O-O-O 12. Bf4 g6 13. Rab1 Bg7 14.
a3 h6 15. b4 Nb8 16. Red1 Be4 17. Rdc1 g5 18. Be3 f5 19. Rb3 e5 20. Re1 Bxc2
21. Rb2 Bd3 22. Bc1 e4 23. Rd2 exf3 24. Bxf3 Bc3 0-1

[Event "4NCL Division 4 South"]
[Site "Daventry, ENG"]
[Date "2019.04.13"]
[Round "7.154"]
[White "Mehta, Kaveer"]
[Black "Ibrahim, Amir"]
[Result "0-1"]
[WhiteElo "1375"]
[BlackElo "1300"]
[PlyCount "60"]
[EventDate "2019.04.13"]
[WhiteTeam "Watford 2"]
[BlackTeam "Barnet Knights 3"]

1. e4 e5 2. Nf3 Nc6 3. Nc3 Nf6 4. Bb5 Bc5 5. O-O O-O 6. h3 a6 7. Bxc6 bxc6 8.
d3 d5 9. Bg5 Re8 10. Re1 d4 11. Na4 Bd6 12. a3 c5 13. b3 h6 14. Bh4 a5 15. Nb2
g5 16. Bg3 Nh5 17. Nc4 Nxg3 18. fxg3 g4 19. Nh4 gxh3 20. gxh3 Bxh3 21. g4 Qxh4
22. Qf3 Bxg4 23. Qg2 Kh8 24. Nd2 Rg8 25. Qh2 Bh3+ 26. Kh1 Rg2 27. Qxg2 Bxg2+
28. Kxg2 Rg8+ 29. Kf1 Qh2 30. Nf3 Qg2# 0-1

[Event "4NCL Division 4 South"]
[Site "Daventry, ENG"]
[Date "2019.04.13"]
[Round "7.155"]
[White "Nakano, Kazumasa"]
[Black "Dasgupta, Avyukt"]
[Result "0-1"]
[WhiteElo "1270"]
[BlackElo "1255"]
[PlyCount "60"]
[EventDate "2019.04.13"]
[WhiteTeam "Barnet Knights 3"]
[BlackTeam "Watford 2"]

1. e4 e6 2. d4 d5 3. e5 c5 4. c3 Nc6 5. Nf3 Qb6 6. Be2 Bd7 7. O-O Rc8 8. a3 a5
9. b3 f6 10. exf6 Nxf6 11. Bg5 Ne4 12. Bh4 Bd6 13. Bd3 Nf6 14. Re1 O-O 15. Bxf6
Rxf6 16. Ng5 h6 17. Nf3 cxd4 18. cxd4 Nxd4 19. Nxd4 Bc5 20. Qd2 Bxd4 21. Re2
Bxa1 22. Re1 Bd4 23. Rf1 Rcf8 24. h3 Rxf2 25. Rxf2 Rxf2 26. Bh7+ Kxh7 27. Qd3+
Kh8 28. Kh2 Be5+ 29. Kh1 Bb5 30. Qg6 Rf1# 0-1

[Event "4NCL Division 4 South"]
[Site "Daventry, ENG"]
[Date "2019.04.14"]
[Round "8.11"]
[White "Simons, Martin J"]
[Black "Cooksey, Paul S"]
[Result "0-1"]
[WhiteElo "2005"]
[BlackElo "2278"]
[PlyCount "70"]
[EventDate "2019.04.14"]
[WhiteTeam "Wessex B"]
[BlackTeam "Crowthorne 1"]

1. d4 d5 2. Nc3 c6 3. Bf4 Nf6 4. e3 Bf5 5. f3 e6 6. g4 Bg6 7. h4 h6 8. Bd3 Bxd3
9. Qxd3 b5 10. Nh3 Nbd7 11. g5 hxg5 12. hxg5 Nh5 13. Bh2 g6 14. O-O-O Nb6 15.
Be5 Rg8 16. Nf4 Nxf4 17. Bxf4 Nc4 18. Rh7 Qa5 19. Rdh1 Bb4 20. Nb1 Qxa2 21. Qb3
Qa5 22. c3 Be7 23. Nd2 Qd8 24. Rg1 a5 25. e4 a4 26. Qa2 Qa5 27. Kc2 Rf8 28.
Rgh1 Qd8 29. Rg1 Qb6 30. Rgh1 Nxd2 31. Bxd2 b4 32. b3 axb3+ 33. Qxb3 Ra3 34.
Qb1 Qa6 35. cxb4 Ra2+ 0-1

[Event "4NCL Division 4 South"]
[Site "Daventry, ENG"]
[Date "2019.04.14"]
[Round "8.12"]
[White "Purdon, Colin"]
[Black "Duggan, Michael F G"]
[Result "1/2-1/2"]
[WhiteElo "2061"]
[BlackElo "2017"]
[PlyCount "53"]
[EventDate "2019.04.14"]
[WhiteTeam "Crowthorne 1"]
[BlackTeam "Wessex B"]

1. d4 Nf6 2. c4 c5 3. d5 b5 4. Nf3 g6 5. cxb5 a6 6. b6 Qxb6 7. Nc3 Bg7 8. e4 d6
9. Be2 Bg4 10. Nd2 Bxe2 11. Qxe2 O-O 12. O-O a5 13. Nc4 Qa6 14. a4 Nbd7 15. Nb5
Nb6 16. Bd2 Nxc4 17. Qxc4 Rfe8 18. Qc2 Qb6 19. Bc3 e6 20. Nxd6 Qxd6 21. e5 Qd8
22. exf6 Bxf6 23. Bxf6 Qxf6 24. d6 Qf5 $11 25. Rac1 Qxc2 26. Rxc2 Red8 27. Rxc5
1/2-1/2

[Event "4NCL Division 4 South"]
[Site "Daventry, ENG"]
[Date "2019.04.14"]
[Round "8.13"]
[White "Westrap, Christian F"]
[Black "Duckers, Harvey L"]
[Result "0-1"]
[WhiteElo "2035"]
[BlackElo "1990"]
[PlyCount "68"]
[EventDate "2019.04.14"]
[WhiteTeam "Wessex B"]
[BlackTeam "Crowthorne 1"]

1. d4 d6 2. e4 g6 3. c4 Bg7 4. Nc3 Nd7 5. f3 e5 6. d5 Ne7 7. Bd3 O-O 8. Bg5 h6
9. Be3 f5 10. exf5 gxf5 11. Qd2 Ng6 12. O-O-O Nc5 13. Bc2 Qh4 14. g4 Nf4 15.
Bxc5 dxc5 16. gxf5 Bxf5 17. Bxf5 Rxf5 18. Ne4 b5 19. cxb5 Rd8 20. Qc2 Rf7 21.
Ne2 Rxd5 22. Rxd5 Nxd5 23. Qxc5 Nb6 24. Qe3 Qh3 25. N2g3 Qe6 26. Kb1 Qc4 27.
Nh5 Nd5 28. Qd2 Rxf3 29. Qg2 Qd3+ 30. Ka1 Rf7 31. Nc5 Qc4 32. Ne6 Nb4 33. b3
Qxe6 34. Rg1 e4+ 0-1

[Event "4NCL Division 4 South"]
[Site "Daventry, ENG"]
[Date "2019.04.14"]
[Round "8.14"]
[White "Tart, Peter K"]
[Black "Anderson, Peter W"]
[Result "1-0"]
[WhiteElo "1933"]
[BlackElo "1978"]
[PlyCount "73"]
[EventDate "2019.04.14"]
[WhiteTeam "Crowthorne 1"]
[BlackTeam "Wessex B"]

1. e4 g6 2. d4 Bg7 3. Nc3 d6 4. Be3 a6 5. h4 Nf6 6. Be2 h5 7. a4 Nc6 8. Nf3 Ng4
9. Bg5 O-O 10. O-O b6 11. Bc4 Na5 12. Ba2 c5 13. Nd5 Nc6 14. c3 Nf6 15. Qd3
Nxd5 16. Bxd5 Qc7 17. Bxc6 Qxc6 18. Bxe7 Re8 19. d5 Qd7 20. Bg5 Qg4 21. Rfe1 f6
22. Nh2 Qd7 23. Bf4 Bb7 24. Qg3 f5 25. Qxg6 fxe4 26. Qxh5 Rf8 27. Rxe4 Rf5 28.
Re7 Qxe7 29. Qxf5 Rf8 30. Qg5 Qe4 31. Bxd6 Rf5 32. Qg3 Rxd5 33. Nf3 Qe6 34. Bf4
Rd3 35. Be3 Bc6 36. Qb8+ Kh7 37. Ng5+ 1-0

[Event "4NCL Division 4 South"]
[Site "Daventry, ENG"]
[Date "2019.04.14"]
[Round "8.15"]
[White "Pentakota, Rajasekhar"]
[Black "Cross, Mark"]
[Result "1-0"]
[WhiteElo "1915"]
[BlackElo "1751"]
[PlyCount "99"]
[EventDate "2019.04.14"]
[WhiteTeam "Wessex B"]
[BlackTeam "Crowthorne 1"]

1. d4 Nf6 2. c4 e5 3. dxe5 Ne4 4. Nd2 Bb4 5. a3 Nxd2 6. Bxd2 Bxd2+ 7. Qxd2 Nc6
8. Nf3 Qe7 9. Qc3 b6 10. e3 Bb7 11. Rc1 O-O 12. Be2 Rfe8 13. O-O Nxe5 14. Qxe5
Qxe5 15. Nxe5 Rxe5 16. Rfd1 d6 17. Rd4 Rg5 18. Rg4 Rxg4 19. Bxg4 Re8 20. Kf1
Re5 21. Rc3 g6 22. f4 Re7 23. Kf2 f5 24. Bf3 Bxf3 25. Kxf3 Kf7 26. h3 h5 27. b4
Re4 28. g4 hxg4+ 29. hxg4 Kf6 30. g5+ Ke7 31. Ke2 a6 32. Kd3 c5 33. Rc2 Kf7 34.
Rh2 Kg7 35. Rb2 Re6 36. a4 Kf7 37. a5 bxa5 38. bxa5 Re8 39. Rb6 Ke6 40. Rxa6
Rb8 41. Rb6 Ra8 42. Rb5 Rh8 43. a6 Kd7 44. a7 Ra8 45. Ra5 Ke7 46. e4 Ke6 47.
Ra6 Kf7 48. exf5 gxf5 49. Rxd6 Rxa7 50. Rf6+ 1-0